Tekst piosenki ''Czarny chleb i czarna kawa'' - Statystyki

Ogólne statystyki
  • Ten quiz został rozwiązany 4 513 razy
  • Średni wynik to 34 z 40
Statystyki odpowiedzi
Tekst: Brakujące Słowa: % Poprawnych
Czarny czarny ... i czarna kawa, Chleb
96%
Czarny czarny ... i czarna kawa, Chleb
96%
Czarny czarny ... i czarna kawa, Chleb
96%
... chleb i czarna kawa, Czarny
96%
Opętani ..., Samotnością
95%
Opętani ..., Samotnością
95%
Opętani ..., Samotnością
95%
Opętani ..., Samotnością
95%
Opętani ..., Samotnością
95%
Gdy swe ... otworzyłem Oczy
94%
Jedzie ..., złe wagony, Pociąg
92%
Świat ma tylko ... strony, Cztery
91%
A w tym świecie nie ma ... Mnie
91%
Do ... wiozą mnie. Więzienia
91%
Myślą swą ... szczęścia, Szukają
90%
Myślą swą ... szczęścia, Szukają
90%
Myślą swą ... szczęścia, Szukają
90%
Myślą swą ... szczęścia, Szukają
90%
Myślą swą ... szczęścia, Szukają
90%
Które zwie się ... Wolnością
90%
Które zwie się ... Wolnością
90%
Które zwie się ... Wolnością
90%
Które zwie się ... Wolnością
90%
Które zwie się .... Wolnością
90%
Serce mu ... bić. Przestaje
89%
Młodsza ... zapytała: Siostra
89%
Zrozumiałem ..., że Wtedy
89%
I zaczyna więźnia ... Bić
88%
... wyrok swój. Odsiaduje
85%
Po ... łzy spłynęły, Policzkach
85%
Moje ... stąd wyniosą Ciało
81%
Brat Twój w ... celi siedzi! Ciemnej
81%
"..., gdzie braciszek mój?" Mamo
80%
Wtem do celi ... wpada, Klawisz
76%
Wielki ... ogarnął mnie. Żal
70%
I nadejdzie chwila ... Błoga
65%
A pod celą będą ... Znów
64%
... więzień na twarz pada, Młody
58%
... zabierze oddech mój, Śmierć
57%
... czarny chleb i czarna kawa, Inny
46%
Nie znaleziono quizów pasujących do podanych kryteriów
Rozkład punktacji
Procent ludzi z każdym wynikiem
Percentyl według liczby udzielonych odpowiedzi
Twoja historia wyników
Nie rozwiązałeś tego quizu